Loading...
History - World History | 0 | 5 | 0 | 3 | 50 | 83 | 127.60 | 0 | 1 |
Science - Chemistry | 0 | 4 | 0 | 2 | 40 | 95 | 120.00 | 0 | 0 |
Literature - European Literature | 0 | 4 | 0 | 1 | 40 | 133 | 142.00 | 0 | 0 |
Current Events | 0 | 4 | 0 | 1 | 40 | 87 | 104.25 | 0 | 1 |
Social Science | 0 | 4 | 2 | 0 | 30 | 74 | 97.25 | 0 | 2 |
Fine Arts - Other Fine Arts | 0 | 3 | 0 | 1 | 30 | 111 | 126.00 | 0 | 0 |
Fine Arts - Painting & Sculpture | 0 | 3 | 0 | 0 | 30 | 102 | 113.33 | 1 | 2 |
Philosophy | 0 | 2 | 0 | 0 | 20 | 112 | 121.00 | 0 | 0 |
Religion | 0 | 2 | 0 | 1 | 20 | 138 | 138.50 | 0 | 0 |
Science - Biology | 0 | 2 | 0 | 0 | 20 | 125 | 127.00 | 0 | 0 |
Geography | 0 | 2 | 0 | 0 | 20 | 122 | 128.50 | 0 | 0 |
History - Other History | 0 | 2 | 0 | 0 | 20 | 105 | 116.50 | 0 | 0 |
History - European History | 0 | 2 | 1 | 2 | 15 | 127 | 131.50 | 0 | 0 |
Science - Physics | 0 | 1 | 0 | 0 | 10 | 113 | 113.00 | 0 | 0 |
Fine Arts - Classical Music | 0 | 2 | 2 | 0 | 10 | 78 | 100.00 | 1 | 1 |
Literature - British Literature | 0 | 1 | 0 | 0 | 10 | 111 | 111.00 | 0 | 0 |
History - American History | 0 | 1 | 0 | 1 | 10 | 138 | 138.00 | 0 | 0 |
Literature - World Literature | 0 | 1 | 0 | 0 | 10 | 139 | 139.00 | 0 | 0 |
Mythology | 0 | 1 | 0 | 1 | 10 | 142 | 142.00 | 0 | 0 |
Other Academic | 0 | 1 | 0 | 1 | 10 | 136 | 136.00 | 0 | 0 |
Literature - American Literature | 0 | 0 | 0 | 0 | 0 | 0.00 | 0 | 0 |